000 00768nam a2200289Ia 4500
001 21938
003 IT-RoPAU
008 130308s9999 xx 000 0 und d
040 _aIT-RoPAU
040 _cIT-RoPAU
041 _aITALIANO
100 _aCarpi Umberto
100 _gCodice Aut. SPICS: 2919
245 _aDe Chirico nel primo dopoguerra-Appunti e notizie
245 _bGiorgio de Chirico 1888/1978-1-Catalogo
250 _a1a ed.
260 _aROMA
260 _bDe Luca
260 _c1981 [1° Ed.:1981 - Ed.Ling.Originale:1981]
300 _a"3 p. (prefazione: no ; testo: 3 [pagine: 40-42])"
650 _aAUTORI/OPERE DI PITTURA
650 _eCodice materia Spics: 5207
942 _cBK
957 _71
999 _c47924
_d47924
999 _bSI
999 _g1